Mierny rast HDP v rokoch 1999 a 2000 analýza údajov hrubého domáceho produktu a jeho zložiek

Bibliographic Details
Main Author: Páleník, Viliam, 1957- (Author)
Format: Article
Language:Slovak
ISSN:1335-4701
Subjects:

MARC

LEADER 00000nab a2200000 a 4500
001 vtls000756758
003 SK-MaSNL
005 20260302191913.0
008 140228c2001 xo 0 slo
015 |a SNBRB2001/05-15294 
035 |a CLN000108545 
040 |a SNKBUCL  |b slo  |c SNKBUCL  |e AACR2 
041 0 |a slo 
044 |a xo  |c SK 
080 |a 330.55(437.6)  |2 1997 
100 1 |a Páleník, Viliam,  |d 1957-  |4 aut  |9 9257 
245 1 0 |a Mierny rast HDP v rokoch 1999 a 2000  |b analýza údajov hrubého domáceho produktu a jeho zložiek  |c Viliam Páleník 
650 0 7 |a produkt domáci hrubý  |z Slovensko  |y 1999-2000  |2 snkbucl  |9 908273 
655 7 |a články z novín a časopisov  |2 snkbucl  |9 267496 
773 0 |t Hospodárske noviny  |g Roč. 9, č. 54 (16.-18.3.2001), s. 1 a 4  |x 1335-4701 
850 |a Slovenská národná knižnica v Martine 
852 |a SNK  |b KIS3GCP 
958 |a SK 
992 |a RBX 
999 |c 1438721  |d 1440651